000 01068cam a2200301 i 4500
999 _c65623
_d65623
001 65623
003 Mx-PuUPA
005 20210607115439.0
008 160624s2006 mx a gr 001 0 spa d
020 _a9789682477256
040 _aMx-PuUPA
_bspa
_cMx-PuUPA
_dMx-PuUPA
_erda
041 0 _aspa
100 1 _aMaiz Lozano, Balbina,
_eautor
_92160
245 1 0 _aDiscapacidad y autoestima :
_bactividades para el desarrollo emocional de niños con discapacidad física /
_cBalbina Maiz Lozano, Ana Güereca Lozano.
250 _aSegunda edición
264 1 _aMéxico, D.F. :
_bEditorial Trillas,
_c2006
300 _a184 páginas :
_bilustraciones ;
_c23 cm.
336 _atexto
_2rdacontent
_btxt
337 _asin medio
_2rdamedia
_bn
338 _avolumen
_2rdacarrier
_bnc
650 4 _aAutoestima en niños
650 4 _aNiños con discapacidad
_xPsicología
650 4 _aProblemas emocionales de niños
700 1 _aGüereca Lozano, Ana,
_eautor
_92161
942 _2ddc
_cLI
_h155.451
_iM217